| 000 | 00000nam##2200000za#4500 |
| 001 | 9.699034 |
| 003 | CaOODSP |
| 005 | 20250129103339 |
| 007 | cr ||||||||||| |
| 008 | 150407|2014||||xxc|||||o f|0| 0 eng|d |
| 020 | |a978-1-100-23370-3 |
| 040 | |aCaOODSP|beng |
| 043 | |an-cn--- |
| 086 | 1 |aEn56-243/2014E-PDF |
| 110 | 2 |aMeteorological Service of Canada. |
| 245 | 10|aResidential wood combustion PM2.5 sampling project, Whitehorse, Yukon - Winter 2009 / |h[electronic resource]|cby Keith Jones, Peter Schwarzhoff, Andrew Teakles, Roxanne Vingarzan. |
| 260 | |aGatineau - Quebec : |bEnvironment Canada. |cc2014. |
| 300 | |a35p.|bcoloured figs., references, tables |
| 590 | |a15-13|b2015-03-27 |
| 690 | 07|aPollutants|2gcpds |
| 775 | 08|tCombustion résidentielle du bois - Projet d'échantillonnage des MP2,5, Whitehorse (Yukon), Hiver 2009 / |w(CaOODSP)9.643024 |
| 856 | 40|ahttp://publications.gc.ca|qPDF|s1.92 MB|uhttps://publications.gc.ca/collections/collection_2015/ec/En56-243-2014-eng.pdf |